000 01439nam a2200265Ia 4500
003 OSt
005 20210513123248.0
008 210310s1970 ag ad gr 001 0 spa d
040 _aCO-JMCR
_cCO-JMCR
041 1 _aspa
_heng
082 0 4 _a336.7 /
_bD852a1
_223
100 1 _aDue, John Fitzgerald,
_915352
_eautor
245 1 0 _aAnálisis económico de los impuestos :
_ben el cuadro general de las finanzas públicas /
_cJohn F. Due ; versión española supervisada, anotada y prologada por Enrique Jorge Reig
250 _aTercera edición
260 _aBuenos Aires :
_bEl Ateneo,
_c1970
300 _axvii, 613 páginas :
_bilustraciones y gráficas a blanco y negro ;
_c22 cm.
490 0 _aBiblioteca de Ciencias Económicas. Serie de economía
500 _aIncluye índice alfabético. Título original: Government Finance. An Economic Analysis
504 _aBibliografía la final de cada capítulo.
505 0 _aActividades y gastos estatales -- La financiación de los gastos públicos. Introducción -- La imposición a los réditos -- La imposición en función de los consumos -- Imposición a los bienes y transmisión de bienes -- Aspectos generales de las finanzas públicas - El principio comercial -- El crédito público y política fiscal
546 _aTraducido del inglés.
650 1 4 _aHacienda pública
_915354
_zEstados Unidos
700 1 _aReig, Enrique Jorge,
_etraductor
_936765
942 _2ddc
_cBK
999 _c7752
_d7752